000 00383 a2200169 4500
001 69706
020 _a8572722106
040 _cAnchieta - Itaigara
100 _aMachado, Ana Maria
240 1 0 _aO cavaleiro do sonho
_lpor
245 1 0 _aO cavaleiro do sonho
300 _a50
362 0 _a2005
440 1 _aMercuryo Jovem
650 4 _aLiteratura infanto-juvenil
942 _cBK
999 _c69706
_d69706